000 00287nam a22001337a 4500
008 180302b xxu||||| |||| 00| 0 eng d
020 _a9780789729811
041 _aeng
080 _a004
100 _a36
101 _aSHK
245 _aCNE for NetWare 6
_cClarke,D.J
942 _2udc
_cBK
999 _c44078
_d44078